000 00410cam a2200169ua 4500
020 _c1.00
041 _amal
_h
082 _a894.812301
_bMUH/SP
100 _aMuhammed Koya, P.A .
245 _aSports man /
_cP.A.Muhammed Koya.
_hTextual Documents
260 _aKozhikkode :
_bChandrika Press ,
_c1953.
300 _a90 ; .
365 _a1.00
504 _a
942 _cBK
999 _c11370
_d11370